header

Fiscal multipliers and the state of the economy (Record no. 65461)

MARC details
000 -LEADER
fixed length control field 01317nam a2200325Ia 4500
100 1# - MAIN ENTRY--AUTHOR NAME
Personal name Baum, Anja,
245 10 - TITLE STATEMENT
Title Fiscal multipliers and the state of the economy
260 ## - PUBLICATION, DISTRIBUTION, ETC. (IMPRINT)
Place of publication Washington, D.C. :
Name of publisher International Monetary Fund,
Year of publication c2012.
300 ## - PHYSICAL DESCRIPTION
Number of Pages 30 p. :
Other physical details ill.
490 0# - SERIES STATEMENT
Series statement IMF working paper ;
650 #0 - SUBJECT ADDED ENTRY--TOPICAL TERM
Topical Term Multiplier (Economics)
Topical Term Fiscal policy
700 1# - ADDED ENTRY--PERSONAL NAME
Personal name Ribeiro, Marcos Poplawski,
Personal name Weber, Anke,
856 40 - ELECTRONIC LOCATION AND ACCESS
Uniform Resource Identifier http://site.ebrary.com/lib/rucke/Doc?id=10661243

No items available.

© 2026 Rongo University
Contact us: librarian | system librarian | Rongo university